| 000 | 00490nam a2200169 i 4500 | ||
|---|---|---|---|
| 001 | 59937 | ||
| 003 | ES-MaACL | ||
| 005 | 20230906164126.0 | ||
| 007 | t| | ||
| 008 | 031031s1971 cl ||||1| spa d | ||
| 245 | 0 | 0 |
_aDon Alonso de Ercilla y Zúñiga / _cPablo Neruda...[et al.]. |
| 260 |
_aSantiago de Chile : _bPomaire, _c[1971] |
||
| 300 |
_a174 p. ; _c20 cm. |
||
| 700 | 1 |
_aNeruda, Pablo, _d1904-1973 _985398 |
|
| 852 |
_aES-MaACL _jC-45840 _bR.78699 |
||
| 999 |
_c59937 _d59937 |
||